Οι σοσιαλιστές διανοούμενοι και η πολιτική λειτουργία της πρώιμης κοινωνικής κριτικής : 1875-1907
Αποθηκεύτηκε σε:
| Άλλοι συγγραφείς: | |
|---|---|
| Μορφή: | Βιβλίο |
| Γλώσσα: | Greek |
| Δημοσίευση: |
Αθήνα :
Γνώση,
1991-1999
|
| Σειρά: | Φιλοσοφική και πολιτική βιβλιοθήκη ;
; 34 |
| Θέματα: | |
| Ετικέτες: |
Προσθήκη ετικέτας
Δεν υπάρχουν, Καταχωρήστε ετικέτα πρώτοι!
|
MARC
| LEADER | 00000cam a2200000 i 4500 | ||
|---|---|---|---|
| 001 | 1/4039 | ||
| 008 | 960503m19919999 gre d | ||
| 020 | |a 960-235-396-1 | ||
| 035 | |l 10015435 | ||
| 040 | |a GR-MY-UA |b gre |e aacr | ||
| 041 | 0 | |a gre | |
| 082 | 0 | |a 320.53109495 | |
| 245 | 1 | 3 | |a Οι σοσιαλιστές διανοούμενοι και η πολιτική λειτουργία της πρώιμης κοινωνικής κριτικής : |b 1875-1907 / |c Εισαγωγή, επιλογή κειμένων, υπομνηματισμός, Παναγιώτης Νούτσος |
| 260 | |a Αθήνα : |b Γνώση, |c 1991-1999 | ||
| 300 | |c 21 cm | ||
| 490 | 1 | |a Φιλοσοφική και πολιτική βιβλιοθήκη |v ; 34 | |
| 500 | |a Περίληψη στα γαλλικά | ||
| 504 | |a Περιέχει βιβλιογραφία και ευρετήριο | ||
| 650 | 0 | 0 | |a Socialism |z Greece |x History |x Sources. |
| 650 | 0 | 0 | |a Communism |z Greece |x History |x Sources. |
| 700 | 1 | |a Νούτσος, Παναγιώτης Χ. |d 1948- |4 edt | |
| 774 | 1 | |t Η σοσιαλιστική σκέψη στην Ελλάδα από το 1875 ως το 1974 | |
| 830 | 0 | |a Φιλοσοφική και πολιτική βιβλιοθήκη ; |v ; 34 | |
| 852 | |a INST |b LESVOS |e 19960503 |h 320.53109495 ΣΟΣ |p 005100000150 |q 005100000150 |t BK |y 0 |z τ.1 | ||
| 852 | |a INST |b LESVOS |e 19960503 |h 320.53109495 ΣΟΣ |p 005100000211 |q 005100000211 |t BK |y 0 |z τ.1 | ||
| 852 | |a INST |b LESVOS |e 19960503 |h 320.53109495 ΣΟΣ |p 005100000150 |q 005100000150 |t BK |v τ.1: |y 0 |z τ.1 | ||
| 852 | |a INST |b LESVOS |e 19960503 |h 320.53109495 ΣΟΣ |p 005100000211 |q 005100000211 |t BK |v τ.1: |y 0 |z τ.1 | ||
| 853 | |a INST |b LESVOS |h 320.53109495 ΣΟΣ | ||
| 909 | |a Λ |b 020699 | ||
| 909 | |a Λ |b 021955 | ||